| 000 | 00497nam a2200205Ia 4500 | ||
|---|---|---|---|
| 003 | OSt | ||
| 005 | 20260206113221.0 | ||
| 008 | 210210b2018 xxu||||| |||| 00| 0 eng d | ||
| 020 | _a9781542040464 | ||
| 040 | _cAL | ||
| 041 | _aeng | ||
| 082 | _a820.33 BHAG | ||
| 100 |
_dChetan Bhagat _9253820 |
||
| 245 | _aGirl in room 105 | ||
| 260 |
_aSeattle _bWestland books pvt ltd., _c2018 |
||
| 300 | _aviii,304 | ||
| 690 |
_aIndian English Fiction _9253824 |
||
| 906 | _a072745 | ||
| 942 |
_2ddc _cBK |
||
| 999 |
_c122641 _d122641 |
||